|
|
|
|
| LEADER |
02641njm a2200637 i 4500 |
| 001 |
001658443 |
| 003 |
CZ BrMZK |
| 005 |
20190122094919.0 |
| 007 |
sd fungnnmmned |
| 008 |
181129t20162016xr sgnng n rus |
| 024 |
3 |
|
|a 8595026672321
|
| 028 |
0 |
1 |
|a MAM723-2
|b Indies Happy Trails
|
| 040 |
|
|
|a BOA001
|b cze
|e rda
|
| 041 |
0 |
|
|d rus
|d bel
|d cze
|d ger
|d pol
|d ukr
|
| 045 |
|
|
|a x-y-
|
| 072 |
|
7 |
|x Vokální hudba
|a 784
|2 Konspekt
|9 9
|
| 080 |
|
|
|a 784.3/.7
|2 MRF
|
| 080 |
|
|
|a (0:82-192)
|2 MRF
|
| 080 |
|
|
|a 784.7
|2 MRF
|
| 080 |
|
|
|a 784.4
|2 MRF
|
| 080 |
|
|
|a (086.76)
|2 MRF
|
| 100 |
1 |
|
|a Okudžava, Bulat Šalvovič,
|d 1924-1997
|7 jn19990210469
|4 cmp
|4 lyr
|
| 245 |
1 |
0 |
|a Okudžava v míru
|
| 264 |
|
1 |
|a [Brno] :
|b Indies Happy Trails,
|c [2016]
|
| 264 |
|
4 |
|c ℗2016
|
| 300 |
|
|
|a 1 CD audio ;
|c 12 cm
|
| 336 |
|
|
|a hraná hudba
|b prm
|2 rdacontent
|
| 337 |
|
|
|a audio
|b s
|2 rdamedia
|
| 338 |
|
|
|a audiodisk
|b sd
|2 rdacarrier
|
| 344 |
|
|
|a digital
|b optical
|2 rda
|
| 347 |
|
|
|a audio soubor
|b CD audio
|2 rda
|
| 500 |
|
|
|a Název z disku
|
| 500 |
|
|
|a Hudba, texty: Bulat Okudžava
|
| 500 |
|
|
|a Na obalu: Okudjava im Frieden = Okudżawa w świecie = Okudžava v míru = Mir Okuzžavy
|
| 505 |
0 |
0 |
|t Pesenka o Lenʻke Koroleve --
|t Sentimentalʻnyj marš --
|t Pesenka o soldatskich saporach --
|t Paslja doždžyka --
|t Vosʻ tak ja kachaju cjabe --
|t Novaja ranìca --
|t Ach, ty, kulečko blakytna... --
|t Pro Mocarta --
|t Hruzynsʻka pysnja --
|t Papieren Soldat --
|t Und in die erste Lieben --
|t Ach panie panowie --
|t Majster Grisza --
|t Czarny kot --
|t Stará vojenská --
|t Starej kabát --
|t Modlitba
|
| 511 |
1 |
|
|a Zpívají: Alexej Kudrjacev, Olga Zalesskaja, Sergej Džigurda, Tino Eisbrenne, Antoni Muracki, Jiří Vondrák
|
| 518 |
|
|
|o Nahráno
|d 2016
|
| 648 |
|
7 |
|a 20.-21. století
|7 ch462155
|
| 650 |
0 |
7 |
|a písně
|7 ph115979
|y 20.-21. století
|2 czenas
|
| 650 |
0 |
7 |
|a zhudebněná poezie
|7 ph231002
|y 20.-21. století
|2 czenas
|
| 650 |
0 |
7 |
|a šansony
|7 ph224472
|y 20.-21. století
|2 czenas
|
| 650 |
0 |
7 |
|a folk
|7 ph119202
|2 czenas
|
| 655 |
|
7 |
|a kompaktní disky
|7 fd201991
|2 czenas
|
| 700 |
1 |
|
|a Kudrjacev, Alexej,
|d 1972-
|4 sng
|
| 700 |
1 |
|
|a Zalesskaja, Olga,
|d 1969-
|4 sng
|
| 700 |
1 |
|
|a Džigurda, Sergej,
|d 1956-
|4 sng
|
| 700 |
1 |
|
|a Eisbrenne, Tino,
|d 1962-
|
| 700 |
1 |
|
|a Muracki, Antoni,
|d 1957-
|4 sng
|
| 700 |
1 |
|
|a Vondrák, Jiří,
|d 1954-
|7 ola2003169611
|4 sng
|
| 740 |
0 |
2 |
|a Okudjava im Frieden
|
| 740 |
0 |
2 |
|a Okudżawa w świecie
|
| 740 |
0 |
2 |
|a Mir Okuzžavy
|
| 910 |
|
|
|a BOA001
|b CDR-1419.113
|
| 990 |
|
|
|a AV
|
| 991 |
|
|
|b 201901
|
| 996 |
6 |
|
|b 2610763783
|c CDR-1419.113
|l MZK
|r Sklad / do 24 hodin
|n 0
|p p.v.
|w 001697640
|u 000010
|a 1
|e BOA001
|j MZK50
|s P
|